| 000 | 00846nam0a2200253 4500 | ||
|---|---|---|---|
| 001 | RU\NLR\bibl\1914370 | ||
| 005 | 20250616200928.0 | ||
| 010 |
_a978-5-9999-1164-3 _9300 |
||
| 021 |
_aRU _b2012-37094 _92750 |
||
| 035 | _a(NLR Aleph) 001903884 | ||
| 090 |
_a3084515 _c3084515 |
||
| 100 | _a20120614d2011 |||y0rusy50 ca | ||
| 101 | 0 | _arus | |
| 102 | _aRU | ||
| 105 | _ay ||||||||| | ||
| 200 | 1 | _aРекомендации по написанию курсовых и выпускных квалификационных работ | |
| 210 |
_aСаратов _cНаука _d2011 |
||
| 215 | _d21 | ||
| 700 | 1 |
_aГордеев _bА. Е. _4070 |
|
| 801 | 0 |
_aRU _bNLR _c20120614 _gRCR |
|
| 801 | 1 |
_aRU _bNLR _c20120614 |
|
| 942 | _cBOOK | ||
| 980 | _aNB | ||